| 000 | 00578nam a22001697a 4500 | ||
|---|---|---|---|
| 005 | 20251108165533.0 | ||
| 008 | 250721s1990 xx 000 0 ara d | ||
| 082 | 1 | 4 | _aم/413.123/بلا |
| 100 | 1 | _aالبلادي، عاتق بن غيث | |
| 245 | 1 | 0 | _aمعجم الكلمات الأعجمية و الغربية في التاريخ الإسلامي / |
| 264 | 1 |
_aمكة المكرمة : _bدار مكة للنشر و التوزيع، _c1990. |
|
| 300 | _a124ص. | ||
| 650 | 1 | 7 | _aالقواميس |
| 650 | 1 | 7 | _aاللغة العربية |
| 942 |
_2ddc _cREF |
||
| 999 |
_c30234 _d30234 |
||